Shifting : (Record no. 611885)

MARC details
000 -LEADER
fixed length control field 00487nam a2200193 a 4500
008 - FIXED-LENGTH DATA ELEMENTS--GENERAL INFORMATION
fixed length control field 260211s2004##################000#0#eng##
020 ## - INTERNATIONAL STANDARD BOOK NUMBER
ISBN 9780060090555
082 04 - DEWEY DECIMAL CLASSIFICATION NUMBER
Classification number 306.7089
Item number JON
100 1# - MAIN ENTRY--AUTHOR NAME
Personal name Jones, Charisse,
245 10 - TITLE STATEMENT
Title Shifting :
260 ## - PUBLICATION, DISTRIBUTION, ETC. (IMPRINT)
Name of publisher Harper Perennial,
Year of publication 2004.
300 ## - PHYSICAL DESCRIPTION
Number of Pages 368 pages
650 #0 - SUBJECT ADDED ENTRY--TOPICAL TERM
Topical Term Social Science.
942 ## - ADDED ENTRY ELEMENTS (KOHA)
Koha item type English Books
Holdings
Withdrawn status Lost status Damaged status Not for loan Home library Current library Shelving location Date acquired Full call number Accession Number Price effective from Koha item type
        Anna Centenary Library Anna Centenary Library 3RD FLOOR, B WING 11.02.2026 306.7089 JON 468380 11.02.2026 English Books

Find us on the map